[Event "Gothenburg Kvibergspelen"]
[Site "Gothenburg"]
[Date "2018.04.22"]
[Round "7"]
[White "Moller, Mikael"]
[Black "Subramanian, Aditya"]
[Result "1/2-1/2"]
[WhiteElo "1962"]
[BlackElo "2128"]
[PlyCount "94"]
[EventDate "2018.04.20"]
[EventType "swiss"]
[EventRounds "8"]
[EventCountry "SWE"]
[SourceTitle "CBM 184 Extra"]
[Source "ChessBase"]
[SourceDate "2018.06.28"]
[SourceVersion "1"]
[SourceVersionDate "2018.06.28"]
[SourceQuality "1"]

1. e4 e5 2. Nf3 Nc6 3. d4 exd4 4. Nxd4 Bc5 5. Nb3 Bb6 6. Nc3 Nf6 7. Bg5 d6 8. Qe2 h6 9. Bh4 g5 10. Bg3 Qe7 11. 0-0-0 Bd7 12. f3 0-0-0 13. Na4 Nh5 14. Nxb6+ axb6 15. Bf2 Ne5 16. Nd4 g4 17. Kb1 Qf6 18. Qe3 c5 19. Qb3 Kc7 20. h3 gxh3 21. g4 Nf4 22. Bxh3 Bc6 23. Bf1 cxd4 24. Bxd4 Qe6 25. Qxb6+ Kd7 26. Bb5 Ke7 27. Bxe5 dxe5 28. Bxc6 bxc6 29. Qc5+ Rd6 30. Rd2 Rhd8 31. Rhd1 f6 32. a4 Nh3 33. a5 Ng5 34. Rxd6 Rxd6 35. a6 Nf7 36. Rxd6 Nxd6 37. Qxc6 Nc8 38. Qc5+ Ke8 39. a7 Nxa7 40. Qxa7 Qc4 41. Qa8+ Ke7 42. Qb7+ Ke8 43. Qb3 Qf1+ 44. Ka2 Qa6+ 45. Qa3 Qc4+ 46. Qb3 Qa6+ 47. Qa3 Qc4+ 1/2-1/2

[Event "Gothenburg Kvibergspelen"]
[Site "Gothenburg"]
[Date "2018.04.20"]
[Round "4"]
[White "Moller, Mikael"]
[Black "Laith, Kasib"]
[Result "1/2-1/2"]
[WhiteElo "1962"]
[BlackElo "2109"]
[PlyCount "97"]
[EventDate "2018.04.20"]
[EventType "swiss"]
[EventRounds "8"]
[EventCountry "SWE"]
[SourceTitle "CBM 184 Extra"]
[Source "ChessBase"]
[SourceDate "2018.06.28"]
[SourceVersion "1"]
[SourceVersionDate "2018.06.28"]
[SourceQuality "1"]

1. e4 e6 2. d4 d5 3. Nc3 dxe4 4. Nxe4 Bd7 5. Nf3 Bc6 6. Bd3 Nd7 7. Bd2 Ngf6 8. Qe2 Nxe4 9. Bxe4 Bxe4 10. Qxe4 c6 11. 0-0-0 Nf6 12. Qe2 Be7 13. Kb1 0-0 14. Rdg1 Qd5 15. g4 Qe4 16. Qxe4 Nxe4 17. Be3 b5 18. Ne5 Rfc8 19. f3 Nd6 20. h4 a5 21. h5 f6 22. Nd3 Nc4 23. Bc1 Rd8 24. Re1 Kf7 25. c3 Bd6 26. f4 b4 27. Re2 bxc3 28. bxc3 Rab8+ 29. Ka1 Rb5 30. Rhe1 Rdb8 31. Be3 Ba3 32. Bf2 Nb2 33. Nc5 Bxc5 34. dxc5 Nd3 35. Rd1 Nxf4 36. Red2 h6 37. Rd7+ Kg8 38. Re7 Rb2 39. Bg3 e5 40. Bxf4 exf4 41. a4 R2b3 42. Ka2 Rb2+ 43. Ka1 R2b3 44. Ka2 Rxc3 45. Rdd7 Rc2+ 46. Ka1 Rc1+ 47. Ka2 Rc2+ 48. Ka1 Rc1+ 49. Ka2 1/2-1/2

[Event "Vasteras op"]
[Site "Vasteras"]
[Date "2017.09.29"]
[Round "1"]
[White "Moller, Mikael"]
[Black "Hillarp Persson, Tiger"]
[Result "0-1"]
[WhiteElo "1990"]
[BlackElo "2517"]
[PlyCount "22"]
[EventDate "2017.09.29"]
[EventType "swiss"]
[EventRounds "8"]
[EventCountry "SWE"]
[SourceTitle "EXT 2018"]
[Source "ChessBase"]
[SourceDate "2017.10.13"]
[SourceVersion "1"]
[SourceVersionDate "2017.10.13"]
[SourceQuality "1"]

1. e4 g6 2. d4 Bg7 3. Be3 c5 4. Ne2 Nc6 5. f4 Qb6 6. dxc5 Qxb2 7. c3 Qxa1 8. Qb3 b6 9. Nc1 bxc5 10. Bd3 Rb8 11. Qc2 c4 0-1

[Event "Gothenburg Manhem Elo"]
[Site "Gothenburg"]
[Date "2017.08.17"]
[Round "8"]
[White "Moller, Mikael"]
[Black "Bengtsson, Jonas"]
[Result "1/2-1/2"]
[WhiteElo "1948"]
[BlackElo "2082"]
[PlyCount "66"]
[EventDate "2017.08.12"]
[EventType "tourn"]
[EventRounds "9"]
[EventCountry "SWE"]
[SourceTitle "EXT 2019"]
[Source "ChessBase"]
[SourceDate "2018.10.10"]
[SourceVersion "1"]
[SourceVersionDate "2018.10.10"]
[SourceQuality "1"]

1. e4 c5 2. Nf3 e6 3. g3 d5 4. Nc3 Nc6 5. Bg2 Nf6 6. exd5 exd5 7. 0-0 d4 8. Re1+ Be7 9. Nb5 0-0 10. d3 Bg4 11. h3 Be6 12. a4 Nd5 13. Ne5 Nxe5 14. Rxe5 a6 15. Na3 Bf6 16. Re1 Qd7 17. h4 Qxa4 18. c4 Qxd1 19. Rxd1 Nb4 20. Bxb7 Rab8 21. Be4 Be5 22. f4 Bg4 23. Rd2 Bc7 24. Nc2 a5 25. Nxb4 Rxb4 26. Kf2 Re8 27. Rc2 f5 28. Bd5+ Kf8 29. Bg2 Re6 30. Bf1 Rb8 31. Bd2 Rbe8 32. Re1 h6 33. Rcc1 Rxe1 1/2-1/2

[Event "Gothenburg Manhem Elo"]
[Site "Gothenburg"]
[Date "2017.08.13"]
[Round "2"]
[White "Moller, Mikael"]
[Black "Wesslen, Ulf"]
[Result "1-0"]
[WhiteElo "1948"]
[BlackElo "1947"]
[PlyCount "93"]
[EventDate "2017.08.12"]
[EventType "tourn"]
[EventRounds "9"]
[EventCountry "SWE"]
[SourceTitle "EXT 2019"]
[Source "ChessBase"]
[SourceDate "2018.10.10"]
[SourceVersion "1"]
[SourceVersionDate "2018.10.10"]
[SourceQuality "1"]

1. e4 c5 2. Nf3 Nc6 3. d3 g6 4. g3 Bg7 5. Bg2 Nf6 6. 0-0 0-0 7. Re1 d5 8. Nbd2 e6 9. c3 Qc7 10. e5 Nd7 11. d4 b6 12. Nf1 Bb7 13. Bf4 h6 14. Qd2 Kh7 15. h4 Rae8 16. N1h2 Qd8 17. Ng4 h5 18. Bg5 hxg4 19. Bxd8 gxf3 20. Bxb6 fxg2 21. Bc7 cxd4 22. cxd4 Bh6 23. Qd3 Rc8 24. Bd6 Rfe8 25. h5 Rg8 26. Kxg2 Kh8 27. hxg6 Rxg6 28. Rh1 Kg7 29. Rh4 Bg5 30. Rh5 f5 31. Rah1 Bh6 32. Qb5 Ba8 33. R5h4 f4 34. Qd3 fxg3 35. fxg3 Ncxe5 36. dxe5 d4+ 37. Kh2 Bxh1 38. Kxh1 Be3 39. Kg2 Rc1 40. Rh1 Rxh1 41. Kxh1 Rxg3 42. Qa6 Kh6 43. Bb4 Rg1+ 44. Kh2 Rg6 45. Qc8 Bf4+ 46. Kh3 Nxe5 47. Qf8+ 1-0

[Event "Reykjavik op"]
[Site "Reykjavik"]
[Date "2017.04.24"]
[Round "7"]
[White "Moller, Mikael"]
[Black "Gudmarsson, Olafur"]
[Result "1-0"]
[WhiteElo "1965"]
[BlackElo "1721"]
[PlyCount "103"]
[EventDate "2017.04.19"]
[EventType "swiss"]
[EventRounds "10"]
[EventCountry "ISL"]
[SourceTitle "CBM 178 Extra"]
[Source "ChessBase"]
[SourceDate "2017.06.22"]
[SourceVersion "1"]
[SourceVersionDate "2017.06.22"]
[SourceQuality "1"]

1. e4 e6 2. d4 c5 3. Nf3 cxd4 4. Nxd4 Nc6 5. Nc3 Nf6 6. Bf4 Bb4 7. Ndb5 0-0 8. Bd6 Bxd6 9. Nxd6 a6 10. Qd2 Qc7 11. 0-0-0 b5 12. f4 Ne7 13. Be2 Nfd5 14. Nxc8 Raxc8 15. exd5 b4 16. Ne4 Nxd5 17. Kb1 Nxf4 18. Nd6 Nxe2 19. Qxe2 Rb8 20. Qxa6 Rb6 21. Qc4 Rc6 22. Qd3 Ra8 23. a3 bxa3 24. b3 a2+ 25. Kb2 f5 26. Nb5 Qe5+ 27. c3 Rb6 28. Nd4 Qa5 29. Nc2 Qa4 30. b4 Rba6 31. Ka1 Rc6 32. Kb2 d5 33. Rhe1 Rac8 34. Rc1 Kf7 35. Nd4 Rc4 36. Nb3 Rb8 37. Qe3 Re4 38. Qc5 Rxe1 39. Rxe1 Qd7 40. Kxa2 Ra8+ 41. Kb2 Rc8 42. Qb6 Rc4 43. Nc5 Qc8 44. Qxe6+ Qxe6 45. Nxe6 Kf6 46. Nd4 g6 47. Re6+ Kg5 48. Rd6 Kf4 49. Rxd5 Rc8 50. b5 Ke4 51. Rd7 Kd3 52. b6 1-0

[Event "Reykjavik op"]
[Site "Reykjavik"]
[Date "2017.04.20"]
[Round "3"]
[White "Moller, Mikael"]
[Black "Rajdeep, Sarkar"]
[Result "0-1"]
[WhiteElo "1965"]
[BlackElo "2273"]
[PlyCount "50"]
[EventDate "2017.04.19"]
[EventType "swiss"]
[EventRounds "10"]
[EventCountry "ISL"]
[SourceTitle "CBM 178 Extra"]
[Source "ChessBase"]
[SourceDate "2017.06.22"]
[SourceVersion "1"]
[SourceVersionDate "2017.06.22"]
[SourceQuality "1"]

1. e4 e5 2. Nf3 Nc6 3. Bb5 g6 4. 0-0 Bg7 5. c3 a6 6. Ba4 d6 7. Re1 Bd7 8. d4 Qe7 9. d5 Nd8 10. c4 Nf6 11. Nc3 0-0 12. b4 h6 13. h3 Bxa4 14. Qxa4 Nd7 15. Qc2 f5 16. exf5 gxf5 17. Nd4 Qf6 18. Nb3 Qh4 19. Qe2 Nf7 20. Bd2 Ng5 21. a3 e4 22. c5 Ne5 23. Bxg5 hxg5 24. Rec1 g4 25. Kh2 gxh3 0-1